ბათუმის შოთა რუსთაველის სახელმწიფო უნივერსიტეტის ბიბლიოთეკა

ავადმყოფზე დაკვირვება : (ბიბ.ჩანაწერი № 61911)

000 -ლიდერი
ფიქსირებული სიგრძის საკონტროლო ველი 00930nam a22001817a 4500
003 - საკონტროლო ნომრის იდენტიფიკატორი
საკონტროლო ველი Ge_BSU
005 - ბოლო ოპერაციის თარიღი და დრო
საკონტროლო ველი 20240607115522.0
008 - ფიქსირებული სიგრძის მონაცემთა ელემენტები - ზოგადი ინფორმაცია
ფიქსირებული სიგრძის საკონტროლო ველი 240607s ge ||||| |||| 00| 0 geo d
041 ## - ენის კოდი
Language code of text/sound track or separate title geo
080 ## - უნივერსალური ათობითი კლასიფიკაციის ინდექსი
Universal Decimal Classification number 61 შ-82
100 ## - მთავარი ჩანაწერი - პიროვნების სახელი
Personal name შონშტაინი, ლ.
9 (RLIN) 22353
245 ## - ცნობა სათაურის შესახებ
Title ავადმყოფზე დაკვირვება :
Remainder of title სახელმძღვანელო მედდებისათვის /
Statement of responsibility, etc ლოტე შონშტაინი; მთარგმნელი ლ. ზაუტაშვილი, თ. ვაშაკიძე, ნ. ბაქანიძე.
300 ## - ფიზიკური აღწერა
Extent 98 გვ. ;
Other physical details 20 სმ.
700 ## - ADDED ENTRY--PERSONAL NAME
Personal name ზაუტაშვილი, ლ.
Relator term მთარგმნელი
9 (RLIN) 22354
700 ## - ADDED ENTRY--PERSONAL NAME
Personal name ვაშაკიძე, თ.
Relator term მთარგმნელი
9 (RLIN) 11709
700 ## - ADDED ENTRY--PERSONAL NAME
Personal name ბაქანიძე, ნ.
Relator term მთარგმნელი
9 (RLIN) 22355
942 ## - ADDED ENTRY ELEMENTS (KOHA)
Source of classification or shelving scheme
Koha item type წიგნი
ეგზემპლარები
ჩამოწერის სტატუსი დაკარგული ეგზემპლარის სტატუსი კლასიფიკაციის წყარო ან თაროზე გაწყობის სქემა დაზიანების სტატუსი არ გაიცემა მუდმივი მდებარეობა (დაცვის ადგილი) ამჟამინდელი ადგილსამყოფელი თაროზე განთავსების ადგილი შეძენის თარიღი ღირებულება, შესყიდვის ნორმალური ფასი სრული შენახვის შიფრი შტრიხკოდი ბოლო ოპერაციის თარიღი ეგზემპლარის მიმდევრობითი ნომერი (კეტერი?) ფასის ძალაში შესვლის თარიღი ეგზემპლარის სახეობა საჯარო შენიშვნა
          ბათუმის შოთა რუსთაველის სახელმწიფო უნივერსიტეტის მთავარი ბიბლიოთეკა ბათუმის შოთა რუსთაველის სახელმწიფო უნივერსიტეტის მთავარი ბიბლიოთეკა წიგნსაცავი 2024-06-07 7.00 61 შ-82 68069 2024-06-07 68069 2024-06-07 წიგნი 7 ლ.